000 00713nam a2200229Ia 4500
003 OSt
005 20220923221738.0
006 a|||||r|||| 00| 0
007 ta
008 220922b |||||||| |||| 00| 0 hin d
024 _a199,738
037 _cTextual
040 _aARTS
_cARTS
_bhin
041 _2hin
_ahin
082 _aQ22:228, 152J9 (RR)
100 _aव्यास
245 0 _aमहाभारत खिलभाग हरिवंश श्री हरिवंशपुराण
246 _ahinābhārat khilabhāg harivansha shrī harivanshapurāṇa
260 _c1994
942 _hQ22:228, 152J9 (RR)
_cTEXL
_2CC
999 _c351477
_d351477